000 00551nam a2200169 i 4500
001 44258
003 ES-MaACL
005 20230906161004.0
007 t|
008 030321s1951 sp ||||1| spa d
100 1 _aCiurana Fernández, José María.
_938946
245 1 3 _aLa justicia social vista por un católico /
_cpor José María Ciurana Fernández ; prólogo de Ramón Roguer.
260 _aBarcelona :
_bSalvador Rosas Bayer,
_c1951.
300 _a309 p. ;
_c20 cm.
700 1 _aRoguer, Ramón.
_998967
852 _aES-MaACL
_jD-5886
_bR.31300
999 _c44258
_d44258